000 00530nam a2200193Ia 4500
999 _c34946
_d34946
003 OSt
005 20200201122512.0
008 190216s9999||||xx |||||||||||||| ||und||
020 _a8185604959
020 _a9788185604954
040 _coclc
082 _a891.463
_bLIM/H
100 _aLimbale, Sharankumar
_91759
245 0 _aHindu A Novel /
_cSharankumar Limbale
260 _bSamya,
_c2010.
_aKolkata:
300 _a155p
650 _aPolitics
942 _cBK
_2ddc
_h891.463
_iLIM/H
_k891.463
_mLIM/H